000 00632nam a22001932 4500
001 0000012053
005 20151217155849.0
008 090127s xx 000 0 eng d
040 _aKABU
_cKABU
110 2 _aGreat Britain.
_bWar Office.
_@0000168236
245 1 4 _aThe Abyssinian campaigns :
_bthe official story of the conques of Italian East Africa.
250 _a1st ed.
260 _aLondon :
_bH. M. S. O.,
_c1942.
300 _a143 p.
650 0 _aWorld War, 1939-1945
_xCampaigns
_zAfrica, East.
_@0000167704
852 1 _9p400 KES
908 _a090127
950 _@1
999 _c13447
_d13447